| 000 | 00396nam a2200169Ia 4500 | ||
|---|---|---|---|
| 100 | _aKarna/Satish K | ||
| 650 | _aCommunication systems | ||
| 942 | _cBK | ||
| 366 | _f20 | ||
| 654 | _acommunication system | ||
| 245 | _aCommunication systems:Theory problems and solutions.MCQ's | ||
| 260 |
_bCBS _c2008 |
||
| 082 |
_a621.382 _bKAR |
||
| 300 | _a545 | ||
| 546 |
_aENGLISH _cTTL |
||
| 999 |
_c31992 _d31992 |
||